| 000 | 00623nam a2200169 i 4500 | ||
|---|---|---|---|
| 001 | 184903 | ||
| 003 | ES-MaACL | ||
| 005 | 20230906222314.0 | ||
| 008 | 160218m19071909gw |||| | spa d | ||
| 100 | 0 |
_aGil Fortoul, José. _956819 |
|
| 245 | 1 | 0 |
_aHistoria constitucional de Venezuela / _cpor José Gil Fortoul. |
| 260 |
_aBerlin : _b[Julios Sittenfeld], _c1907-1909. |
||
| 300 |
_a2 v. ; _c24 cm. |
||
| 505 | 8 | _aContiene: 1. La colonia, la independencia, la gran Colombia 2. La oligarquía conservadora, la oligarquía liberal | |
| 651 | 4 |
_aVenezuela- _xHistoria constitucional. _9158788 |
|
| 852 |
_aES-MaACL _jG-6817-18 |
||
| 999 |
_c184903 _d184903 |
||